Most expensive football transfers - Left-Backs - 2012-2013 Season - Statistics

General Stats
  • This quiz has been taken 13 times
  • The average score is 3 of 10
Answer Stats
Fee (M €) Nationality Left Joined Player % Correct
14,00 Spain Valencia Barcelona Jordi Alba
100%
10,00 Spain Málaga CF Arsenal Nacho Monreal
60%
5,00 Netherlands Vitesse Manchester United Alexander Büttner
30%
10,00 Uruguay FC Porto Inter Álvaro Pereira
20%
4,50 Costa Rica FC Copenhagen Everton Bryan Oviedo
20%
4,50 Italy US Palermo AS Roma Federico Balzaretti
20%
8,00 Guinea / France Genoa AC Milan Kévin Constant
20%
4,00 Brazil Granada CF Udinese Calcio Gabriel Silva
10%
3,75 Türkiye Kayserispor Fenerbahce Hasan Ali Kaldırım
10%
4,00 Brazil SC Braga Shakhtar D. Ismaily
10%
No matching quizzes found
Score Distribution
Percent of People with Each Score
Percentile by Number Answered
Your Score History
You have not taken this quiz